Klenotnica predstaví zlatníctvo v službách liturgie

Bibliographic Details
Main Authors: Artimová, Zuzana (Author, Interviewer), Piatrová, Alena (Author)
Format: Article
Language:Slovak
PhysicalDescription:Fotogr.
ISSN:0139-8512
Subjects:

MARC

LEADER 00000nab a2200000 ar4500
001 vtls010095134
003 SK-MaSNL
005 20260426063032.0
008 100513c2010 xo wr|p|||||||000 b|slo
015 |a SNBRB2010/05  |2 snkbucl 
038 |a SNKBUCL 
040 |a SNKBUCL  |b slo  |c SNKBUCL  |e AACR2 
041 0 |a slo 
044 |a xo  |c SK 
080 |a 739:247.9:061.4  |2 2001 
080 |a 247.9  |2 2001 
100 1 |a Artimová, Zuzana  |4 aut  |4 ivr  |9 270661 
245 1 0 |a Klenotnica predstaví zlatníctvo v službách liturgie  |c Zuzana Artimová, Alena Piatrová 
300 |b Fotogr. 
650 0 7 |a liturgické predmety  |x výstavy  |2 snkbucl  |9 1284453 
651 7 |a Bratislava (Slovensko)  |2 snkbucl  |9 14568 
655 7 |a rozhovory  |2 snkbucl  |9 31831 
700 1 |a Piatrová, Alena  |4 aut  |4 ive  |9 11563 
773 0 |t Katolícke noviny  |g Roč. 125, č. 19 (2010), s. 20-21  |x 0139-8512 
852 |a SNK  |b KIS3GCP 
958 |a SK 
999 |c 2551997  |d 2553927